LEADER 01154nam a2200253 i 4500 001 000000151271 003 CaOOAMICUS 005 20060627000000.0 008 060627s1967 it u000 u ita u 013 $a128609 040 $aSeMil$bita 100 1 $aMußner, Franz <1916- >.$0(OLS)http://semarc/name/9762 240 10$aTod und Auferstehung.$0(OLS)http://semarc/title/221096 245 10$aMorte e resurrezione :$bprediche per la Quaresima su testi della Lettera ai Romani /$cFranz Mussner. 260 $aBrescia :$bPaideia,$ccopyr. 1967. 300 $a68 p. ;$c21 cm. 490 0 $aStudi biblici ;$v6 650 4$aPredicazione - Testi.$0(OLS)http://semarc/subject/510 650 4$aGesù Cristo - Risurrezione - Meditazioni.$0(OLS)http://semarc/subject/17330 830 0$aStudi biblici ;$v6.$0(OLS)http://semarc/title/33 850 $aSeMil 852 $aSeMil$W1$xVenegono$y1$m2WA A 6$j236728$B103301$CSeMilBibl$Z2$F112430 $81 996 $6245$aMorte e resurrezione :$bprediche per la Quaresima su testi della Lettera ai Romani$9(OLS)http://semarc/title/221095 996 $6260$aBrescia :$bPaideia$9(OLS)http://semarc/publisher/29614 LEADER 01094nam a2200265 i 4500 001 000000139362 003 CaOOAMICUS 005 20050520000000.0 008 050520s2002 it u000 u ita u 013 $a113395 020 $a88-15-08910-1 040 $aSeMil$bita 100 1 $aRuggieri, Giuseppe,$d<1940- >.$0(OLS)http://semarc/name/4205 245 10$aCristianesimo, chiese e vangelo /$cGiuseppe Ruggieri. 260 $aBologna :$bIl Mulino,$cCopyr. 2002. 300 $a373 p. ;$c21 cm. 490 0 $aTesti e ricerche di scienze religiose. N.s. ;$v30 650 4$aCristianesimo.$0(OLS)http://semarc/subject/425 830 0$aTesti e ricerche di scienze religiose. Nuova serie ;$v30.$0(OLS)http://semarc/title/1562 850 $aSeMil 852 $aSeMil$W1$xVenegono$y1$m3A II 28$j92771$B92771$CSeMilBibl$Z2$F98164 $81 961 $aOmaggio: Bressan don Luca 996 $6020$a88-15-08910-1$9(OLS)http://semarc/number/127363 996 $6245$aCristianesimo, chiese e vangelo$9(OLS)http://semarc/title/203628 996 $6260$aBologna :$bIl Mulino$9(OLS)http://semarc/publisher/29842